[Event "Olomouc 2009 - GM A"]
[Site "?"]
[Date "2009.08.11"]
[Round "7.4"]
[White "Simacek, Pavel"]
[Black "Mirumian, Vigen"]
[Result "0-1"]
[WhiteElo "2476"]
[BlackElo "2506"]
[PlyCount "82"]
[EventDate "2009.08.05"]

1. e4 c5 2. Nf3 d6 3. d4 cxd4 4. Nxd4 Nf6 5. Nc3 e6 6. Be2 a6 7. O-O Nbd7 8. f4
b5 9. Bf3 Bb7 10. Qe2 Qc7 11. Kh1 Qc4 12. Qxc4 bxc4 13. Re1 h5 14. Be3 Ng4 15.
Bg1 Be7 16. Rad1 Rd8 17. Nde2 Ba8 18. Na4 Ngf6 19. Nec3 h4 20. Rd4 h3 21. e5
hxg2+ 22. Bxg2 Bxg2+ 23. Kxg2 dxe5 24. fxe5 Nh7 25. Ree4 Ng5 26. Rxc4 Rb8 27.
Re2 Nh3 28. Ba7 Ra8 29. Bb6 g5 30. Re3 Nf4+ 31. Kh1 Nxb6 32. Nxb6 Rd8 33. Rc8
Rxc8 34. Nxc8 Bc5 35. Re1 Bf2 36. Rd1 g4 37. Nd6+ Ke7 38. Nce4 g3 39. Nxf2
Rxh2+ 40. Kg1 Rxf2 41. Nc8+ Kf8 0-1

[Event "Olomouc 2009 - GM A"]
[Site "?"]
[Date "2009.08.11"]
[Round "7.5"]
[White "Luch, Michal"]
[Black "Maslak, Konstantin"]
[Result "0-1"]
[WhiteElo "2415"]
[BlackElo "2545"]
[PlyCount "70"]
[EventDate "2009.08.05"]

1. d4 Nf6 2. Nf3 g6 3. g3 Bg7 4. Bg2 O-O 5. O-O d6 6. c4 c6 7. Nc3 Bf5 8. Nh4
Be6 9. b3 d5 10. cxd5 Nxd5 11. Nxd5 Bxd5 12. e4 Be6 13. Be3 Qd7 14. Qd2 Bh3 15.
Rac1 Bxg2 16. Nxg2 a5 17. f3 a4 18. Rfd1 axb3 19. axb3 Ra3 20. Qb4 Ra2 21. d5
cxd5 22. Rxd5 Qh3 23. Rd2 Nc6 24. Qc4 Rxd2 25. Bxd2 Qh5 26. Rf1 Nd4 27. Qd3 Rd8
28. Kh1 Nc6 29. Qe2 Qc5 30. Be3 Qc3 31. Qc4 Rd3 32. Qxc3 Rxc3 33. Rb1 Bd4 34.
Bxd4 Nxd4 35. Ne1 Nxf3 0-1

[Event "Olomouc 2009 - GM A"]
[Site "?"]
[Date "2009.08.12"]
[Round "8.1"]
[White "Dubov, Daniil"]
[Black "Maslak, Konstantin"]
[Result "1/2-1/2"]
[WhiteElo "2421"]
[BlackElo "2545"]
[PlyCount "40"]
[EventDate "2009.08.05"]

1. e4 e6 2. d4 d5 3. Nc3 Bb4 4. e5 b6 5. a3 Bf8 6. Nf3 Ne7 7. h4 a5 8. h5 h6 9.
Bf4 c6 10. Ne2 Ba6 11. g4 c5 12. c3 Qd7 13. Ng3 Bxf1 14. Kxf1 a4 15. Kg2 Nbc6
16. Qe2 Na5 17. Rad1 Qb7 18. Be3 Nec6 19. g5 Qa6 20. Qc2 hxg5 1/2-1/2

[Event "Olomouc 2009 - GM A"]
[Site "?"]
[Date "2009.08.12"]
[Round "8.2"]
[White "Mirumian, Vigen"]
[Black "Luch, Michal"]
[Result "1/2-1/2"]
[WhiteElo "2506"]
[BlackElo "2415"]
[PlyCount "69"]
[EventDate "2009.08.05"]

1. Nf3 g6 2. g3 Bg7 3. c4 c5 4. Bg2 Nc6 5. O-O e5 6. Nc3 Nge7 7. d3 d6 8. Ne1
a6 9. Nc2 Rb8 10. Rb1 Be6 11. Bg5 f6 12. Bd2 a5 13. a3 O-O 14. Nd5 b5 15. b4
axb4 16. axb4 cxb4 17. Ncxb4 Nxb4 18. Bxb4 Nxd5 19. cxd5 Bc8 20. Rc1 Rf7 21.
Rc6 Bf8 22. Qb3 Ra7 23. Rfc1 Bb7 24. R6c3 Bc8 25. e3 Bd7 26. h3 Rba8 27. R3c2
Ra1 28. Kh2 Rxc1 29. Rxc1 Rc8 30. Ra1 Ra8 31. Rc1 Rc8 32. Ra1 Ra8 33. Rd1 Qc8
34. Rd2 Ra4 35. Qb2 1/2-1/2

[Event "Olomouc 2009 - GM A"]
[Site "?"]
[Date "2009.08.12"]
[Round "8.3"]
[White "Ivanov, Mikhail M"]
[Black "Simacek, Pavel"]
[Result "1-0"]
[WhiteElo "2469"]
[BlackElo "2476"]
[PlyCount "51"]
[EventDate "2009.08.05"]

1. d4 Nf6 2. c4 c5 3. d5 e6 4. Nc3 exd5 5. cxd5 d6 6. e4 g6 7. Nge2 Bg7 8. Ng3
h5 9. Be2 h4 10. Nf1 h3 11. g3 Qe7 12. Bg5 a6 13. a4 Nbd7 14. Nd2 Bh6 15. Bxh6
Rxh6 16. f4 Nh7 17. Nc4 g5 18. e5 gxf4 19. Nxd6+ Kf8 20. Nf5 Qxe5 21. Nxh6 fxg3
22. Ng4 g2 23. Rg1 Qd6 24. Qd3 f5 25. Qxh3 fxg4 26. Qxh7 1-0

[Event "Olomouc 2009 - GM A"]
[Site "?"]
[Date "2009.08.12"]
[Round "8.4"]
[White "Grandelius, Nils"]
[Black "Arslanov, Shamil"]
[Result "1-0"]
[WhiteElo "2515"]
[BlackElo "2376"]
[PlyCount "63"]
[EventDate "2009.08.05"]

1. e4 e6 2. d4 d5 3. Nc3 Bb4 4. e5 c5 5. a3 Bxc3+ 6. bxc3 Ne7 7. Qg4 Qc7 8.
Qxg7 Rg8 9. Qxh7 cxd4 10. Ne2 Nbc6 11. f4 dxc3 12. Qd3 Bd7 13. Nxc3 a6 14. Ne2
Nf5 15. h3 Na5 16. a4 Qd8 17. h4 Qc7 18. h5 O-O-O 19. Rg1 Nc4 20. g4 Qc5 21. c3
f6 22. exf6 e5 23. f7 Rg7 24. gxf5 Rxg1 25. Nxg1 Qxg1 26. Ra2 e4 27. Qd4 Qg3+
28. Kd1 Qg4+ 29. Be2 Qxf5 30. Qc5+ Bc6 31. Bxc4 Qxf7 32. Bxa6 1-0

[Event "Olomouc 2009 - GM A"]
[Site "?"]
[Date "2009.08.12"]
[Round "8.5"]
[White "Krejci, Jan"]
[Black "Malinovsky, Karel"]
[Result "1-0"]
[WhiteElo "2453"]
[BlackElo "2367"]
[PlyCount "161"]
[EventDate "2009.08.05"]

1. d4 Nf6 2. c4 e6 3. Nf3 d5 4. Nc3 Be7 5. Bg5 Nbd7 6. e3 O-O 7. cxd5 exd5 8.
Bd3 c6 9. O-O Re8 10. Rc1 Nf8 11. h3 Ne4 12. Bxe7 Qxe7 13. Qc2 Ng5 14. Qe2 Ng6
15. Bxg6 Nxf3+ 16. Qxf3 hxg6 17. Qg3 b6 18. Rfe1 Ba6 19. b3 Rad8 20. Red1 g5
21. Nb1 Rd6 22. Nd2 Re6 23. Rc2 f6 24. Nf3 Qd7 25. Qg4 Qd6 26. Rdc1 Re4 27.
Rxc6 Qxc6 28. Rxc6 Rxg4 29. hxg4 Rc8 30. Rxc8+ Bxc8 31. Nh2 Kf7 32. f3 Ke7 33.
Kf2 Kd6 34. Ke1 a5 35. a3 Ba6 36. Kd2 Bb5 37. g3 Ba6 38. f4 Bc8 39. Kc3 Bd7 40.
b4 Bc8 41. Kb3 Bd7 42. bxa5 bxa5 43. fxg5 fxg5 44. Nf3 Bxg4 45. Ne5 Bd1+ 46.
Kc3 Ke6 47. Kd2 Ba4 48. Ke2 Kf5 49. Nf7 Bb5+ 50. Kf3 Bc6 51. Ne5 Ba4 52. Nd3
Bd1+ 53. Kf2 Ba4 54. Nc5 Bc6 55. Nb3 a4 56. Nc5 Bb5 57. Kf3 Bc6 58. Nd3 Bb5 59.
Ne5 Ba6 60. g4+ Ke6 61. Kf2 Bb5 62. Ke1 Kd6 63. Kd2 Kc7 64. Kc3 Be2 65. Kb4 Bd1
66. Kc5 Bb3 67. Nf7 Kd7 68. Nxg5 Ke7 69. Nh3 Kf6 70. Kd6 Bc4 71. Nf4 Kg5 72.
Nxd5 Kxg4 73. e4 Kf3 74. e5 Ke4 75. Nb6 Bf7 76. d5 g5 77. e6 Bg6 78. Nd7 g4 79.
Nf6+ Kf3 80. Nxg4 Kxg4 81. Ke7 1-0

[Event "Olomouc 2009 - GM A"]
[Site "?"]
[Date "2009.08.13"]
[Round "9.1"]
[White "Malinovsky, Karel"]
[Black "Dubov, Daniil"]
[Result "1-0"]
[WhiteElo "2367"]
[BlackElo "2421"]
[PlyCount "63"]
[EventDate "2009.08.05"]

1. e4 c5 2. c3 e5 3. Nf3 Nc6 4. Bc4 Nf6 5. Ng5 d5 6. exd5 Nxd5 7. Qh5 g6 8. Qf3
Be6 9. d3 Be7 10. Nxe6 fxe6 11. O-O Qd7 12. Nd2 O-O-O 13. Ne4 Rdf8 14. Qe2 Kb8
15. Be3 Nf4 16. Qc2 b6 17. Bb5 Rc8 18. Rfd1 Nd5 19. Qa4 Nxe3 20. fxe3 Rhd8 21.
Rf1 Rf8 22. Rxf8 Bxf8 23. Rf1 Bh6 24. Rf3 Rc7 25. Rh3 Bf8 26. Bxc6 Qxd3 27. Bb5
c4 28. Nf2 Qd2 29. Qd1 Qxd1+ 30. Nxd1 Rc5 31. a4 Rd5 32. Nf2 1-0

[Event "Olomouc 2009 - GM A"]
[Site "?"]
[Date "2009.08.13"]
[Round "9.2"]
[White "Arslanov, Shamil"]
[Black "Krejci, Jan"]
[Result "1/2-1/2"]
[WhiteElo "2376"]
[BlackElo "2453"]
[PlyCount "20"]
[EventDate "2009.08.05"]

1. e4 c5 2. c3 Nf6 3. e5 Nd5 4. d4 cxd4 5. Nf3 e6 6. cxd4 d6 7. Bc4 Nb6 8. Bd3
Nc6 9. Nc3 Be7 10. O-O a6 1/2-1/2

[Event "Olomouc 2009 - GM A"]
[Site "?"]
[Date "2009.08.13"]
[Round "9.3"]
[White "Simacek, Pavel"]
[Black "Grandelius, Nils"]
[Result "1/2-1/2"]
[WhiteElo "2476"]
[BlackElo "2515"]
[PlyCount "25"]
[EventDate "2009.08.05"]

1. e4 c5 2. Nf3 d6 3. d4 cxd4 4. Nxd4 Nf6 5. Nc3 e6 6. Be2 Be7 7. O-O O-O 8. f4
Nc6 9. Be3 e5 10. Nxc6 bxc6 11. fxe5 dxe5 12. Qxd8 Rxd8 13. Rad1 1/2-1/2